000 00681nam a2200217Ia 4500
005 20221206140337.0
008 210716s2011 xx 000 0 und d
020 _a9788131734797
040 _cAIMIT LIBRARY
041 _aeng
082 _a005.3682
_21
_bISAC
100 _aIsaacson, Cory.
_964789
245 _aSoftware pipelines and soa :
_breleasing the power of multi core processing /
_cBy Cory Isaacson.
250 _a1
260 _aNew Delhi
_bPearson Education
_c2011
300 _axxxii,382 p.;
_c24 cm.
650 _aPipelines law
_964790
650 _aPipelines patterns
_964791
650 _aPipelines implementation
_964792
942 _2ddc
_cBK
_e1
_k005.3682 ISAC
999 _c191502
_d191502